000 00379nam a2200157Ia 4500
005 20240921120809.0
008 240921s9999||||xx |||||||||||||| ||und||
082 _A519 M9
100 _aVenkatraman M K
245 0 _aEngineering Mathematics
250 _a2nd
260 _c1989
_bNPC,Madras
650 _aEngineering Mathematics
_bMathematics
942 _cBK
999 _c247569
_d247569